00395nam a2200145Ia 4500008004100000020001800041041000800059082001800067100003200085245003900117250000600156260004300162300001300205650003100218210716s2007 xx 000 0 und d a9788126511680 aeng a005.268 SIMA aSipson, Alan;Meister, Todd. aAlan simpsons windows vista bible. a1 aNew DelhibWiley Publishing Inc.c2007 axlv,1176 aMicrosoft Windows(005.269)